| 000 | 00830nam a2200265Ia 4500 | ||
|---|---|---|---|
| 001 | 21766 | ||
| 005 | 20260320113311.0 | ||
| 008 | 260320s9999||||xx |||||||||||||| ||und|| | ||
| 020 | _a9781138495289 | ||
| 041 | _aING | ||
| 082 |
_a531 _bK93 |
||
| 100 |
_aKulp, Christopher W., _eAUT |
||
| 245 | 0 |
_aClassical mechanics : _ba computational approach with examples using mathematica and python |
|
| 246 |
_a _5 _b |
||
| 250 | _aPrimera edición | ||
| 260 |
_aBoca Raton : _bCRC Press, _c2021 |
||
| 300 |
_a455 páginas : _bilustraciones ; _c25 cm. _e |
||
| 440 |
_a _n _v |
||
| 650 | _aTCA | ||
| 653 | _aMecánica clásica | ||
| 654 | _aCIM | ||
| 700 |
_aPagonis, Vasilis, _cAUT |
||
| 856 |
_uhttps://research-ebsco-com.ucsp.lookproxy.com/c/qxo6us/search _zVéase además: Base de datos EBSCOhost |
||
| 942 |
_cLIB _dJUS _fMIP _2ddc _n |
||
| 999 |
_c21766 _d21766 |
||